| 000 | 00537nam a2200145 a 4500 | ||
|---|---|---|---|
| 008 | 070206s1981 ||||||||||||||||| || u | ||
| 020 | _a9221019888 | ||
| 050 | _aHD 6972 Int. | ||
| 110 | _aInternational Labour Office | ||
| 245 | 1 | 0 | _aWorker's participation in decisions within undertakings |
| 260 |
_aGeneva _bILO _c1981 |
||
| 300 | _axi ; 224p. | ||
| 350 | _a0.00 | ||
| 995 |
_D0.00 _FCBU-MAIN LIBRARY (Kitwe) _H1 _I0.00 _M1 _UAVAILABLE _WFeb 6, 2007 _ZAnnex Low-Usage Collection |
||
| 999 |
_c61941 _d61941 |
||